| 000 | 02581nam a2200397 i 4500 | ||
|---|---|---|---|
| 003 | CO-BoRNBP | ||
| 005 | 20250307160426.0 | ||
| 007 | ta | ||
| 008 | 231120s2022 ck o|||er 001 pcspa d | ||
| 020 | _a9789585303331 | ||
| 040 |
_aCO-BoRNBP _bspa _cCO-BoRNBP _erda |
||
| 041 | 0 | _aspa | |
| 043 | _as-cl--- | ||
| 084 | _aP YOY1 | ||
| 100 | 1 |
_aYezzed, Fredy, _d1979- , _eautor _959302 |
|
| 245 | 1 | 0 |
_aYo vengo a ofrecer mi poema _bantología de resistencia _cFredy Yezzed ... [y otros ciento cuarenta y seis autores] |
| 250 | _aPrimera edición | ||
| 264 | 1 |
_aBogotá, Colombia _bEditorial Escarabajo _c2021 |
|
| 300 |
_a607 páginas _bfotografías en blanco y negro _c24 cm |
||
| 336 |
_atexto _btxt _2rdacontenido |
||
| 337 |
_asin mediación _bn _2rdamedio |
||
| 338 |
_avolumen _bnc _2rdasoporte |
||
| 500 | _aIncluye índice y datos biográficos de los autores | ||
| 520 | 3 | _a<<Marcho lleno de un vigor supremo y nuevo, soy parte de una procesión inacabable>>, escribió Walt Whitman, y esa es la esencia que alimenta esta antología sobre la resistencia, cuyo grito estalló en Chile y se propagó por Colombia a finales de 2019. Yo vengo a ofrecer mi poema convoca a más de trescientos poemas venidos de diferentes latitudes- para desnudar la vértebra de una época arrastrada por la violencia, la pobreza, la desigualdad y la injusticia social, pero también para dar cuenta de hombres y mujeres llenos de dignidad y esperanza. Estos poemas salen a la calle, se leen en las paredes, se expresan sin violencia y acompañan con solidaridad a los manifestantes. El lector encontrará en este volumen versos que preguntan por nuestra noción de país, por los desaparecidos, por los líderes y lideresas asesinados, por la violencia contra la mujer, por la injusticia y la corrupción, por la identidad latinoamericana, por el dolor del mundo, por las formas de hacer Memoria con la ayuda de la belleza y el asombro. (Tomado a partes del texto). | |
| 521 | _aRecomendado para un público adulto | ||
| 650 | 1 | 7 |
_aPoesía latinoamericana _ySiglo XX _2ARMARC _959303 |
| 650 | 1 | 7 |
_aLiteratura latinoamericana _ySiglo XX _2ARMARC _959304 |
| 650 | 1 | 7 |
_aMovimientos de protesta _vPoesía _2ARMARC _959305 |
| 650 | 1 | 7 |
_aViolencia _vPoesía _2ARMARC _959306 |
| 650 | 1 | 7 |
_aPoesía revolucionaria _2ARMARC _959307 |
| 650 | 1 | 7 |
_aBrutalidad policial en la literatura _2ARMARC _959308 |
| 700 | 1 |
_aYezzed, Fredy _eselección _959309 |
|
| 700 | 1 |
_aRojas Warner, Stefhany _eselección _959310 |
|
| 700 | 1 |
_aBechara Navratilova, Eduardo _dselección _959311 |
|
| 942 |
_2loc _cBKLIT |
||
| 999 |
_c57051 _d57051 |
||